00859nam a22002177a 4500999001500000003000900015008004100024020000900065040007100074082001800145100002700163245005500190260007200245300002600317505013300343650002600476650001600502942001600518945000900534952009800543  c2483d2483AR-CdUCM190304b           ||||| |||| 00| 0 esp d  aISBN  aMUNICIPALIDAD PROVINCIAL DEL CUSCOcBIBLIOTECA MUNICIPAL DEL CUSCO  a869.56 /bC87  aCravero Tirado, Juan M  aJuez tinterillo gamonal /cJuan M. Cravero Tirado.  aLima :bUniversidad Nacional de San Cristóbal de Huamanga,c1982.  a290 paginas ;c21 cm.  aEl cumpleaños del juez -- Un cristo del ande -- La ley contra el abigeato -- La reforma carcelaria -- Los cerros médicos ...  aNovelas peruanas9545  aSiglo XX98  2ddccLIBROS  aacrt  002ddc4070aSHbSHcCARTd2019-03-06g25.00o869.56 / C87pSH0000003042r2019-03-06yLIBROS